Timber Utilization Contract Between The Government Of Ghana And Coppon Wood Processing Limited In Birim Forest Reserve (Record no. 5636)

MARC details
000 -LEADER
fixed length control field 00554nam a22001697a 4500
003 - CONTROL NUMBER IDENTIFIER
control field OSt
005 - DATE AND TIME OF LATEST TRANSACTION
control field 20250801101854.0
008 - FIXED-LENGTH DATA ELEMENTS--GENERAL INFORMATION
fixed length control field 250801b |||||||| |||| 00| 0 eng d
041 ## - LANGUAGE CODE
Language code of text/sound track or separate title English
082 ## - DEWEY DECIMAL CLASSIFICATION NUMBER
Classification number Acc. No. 11767 MLNR/BFR/23
110 ## - MAIN ENTRY--CORPORATE NAME
Corporate name or jurisdiction name as entry element Ministry Of Lands And Natural Resources
245 ## - TITLE STATEMENT
Title Timber Utilization Contract Between The Government Of Ghana And Coppon Wood Processing Limited In Birim Forest Reserve
260 ## - PUBLICATION, DISTRIBUTION, ETC.
Place of publication, distribution, etc. Accra
Name of publisher, distributor, etc. Forestry Commission
Date of publication, distribution, etc. 2023
300 ## - PHYSICAL DESCRIPTION
Extent 20P; Tabs; Map
653 ## - INDEX TERM--UNCONTROLLED
Uncontrolled term Birim Forest Reserve
942 ## - ADDED ENTRY ELEMENTS (KOHA)
Source of classification or shelving scheme Dewey Decimal Classification
Koha item type Agreements
Suppress in OPAC No
Holdings
Withdrawn status Lost status Source of classification or shelving scheme Damaged status Not for loan Home library Current library Shelving location Date acquired Total checkouts Full call number Date last seen Copy number Price effective from Koha item type
    Dewey Decimal Classification     Main Library Main Library Open Shelves 01/08/2025   Acc. No. 11767 MLNR/BFR/23 01/08/2025 1 01/08/2025 Agreements
    Dewey Decimal Classification     Main Library Main Library Open Shelves 01/08/2025   Acc. No. 11768 MLNR/BFR/23 01/08/2025 2 01/08/2025 Agreements
©2026  Parliament of Ghana Library - All rights reserved